000 00405nam a2200145Ia 4500
008 220217s9999||||xx |||||||||||||| ||und||
020 _a81-203-206-6-0
082 _a621.381 32 BOY
100 _aBoylestad, Robert, L Nashelsky, Louis
245 0 _aElectronic devices and circuit theory
250 _a9th
260 _aPearson education
_bNew Delhi
_c2008
300 _b460
650 _aCIRCUITRY
999 _c176878
_d176878